[Event "Titled Tuesday intern op 21st Dec"]
[Site "Chess.com INT"]
[Date "2021.12.21"]
[Round "8"]
[White "Bulatova, Kamaliya"]
[Black "Hartikainen, Jarmo"]
[Result "0-1"]
[WhiteElo "2139"]
[BlackElo "2133"]
[PlyCount "96"]
[EventDate "2021.12.21"]
[EventType "swiss (blitz)"]
[EventRounds "11"]
[EventCountry "USA"]
[SourceTitle "CBM 205 Extra"]
[Source "ChessBase"]
[SourceDate "2022.01.31"]
[SourceVersion "1"]
[SourceVersionDate "2022.01.31"]
[SourceQuality "1"]

1. d4 Nf6 2. c4 g6 3. Nc3 d5 4. Nf3 Bg7 5. h4 h5 6. Bf4 c5 7. e3 cxd4 8. exd4 Nc6 9. Ne5 O-O 10. Nxc6 bxc6 11. c5 Ne4 12. Be3 Qa5 13. Qa4 Qxa4 14. Nxa4 Rb8 15. O-O-O e5 16. f3 Ng3 17. Rg1 Rb4 18. b3 exd4 19. Bd2 Rb7 20. Ba6 Re7 21. Bg5 f6 22. Bxc8 Rxc8 23. Bd2 Ne2+ 24. Kc2 Nxg1 25. Rxg1 Kh7 26. Kd3 Bh6 27. Bxh6 Kxh6 28. Kxd4 Re2 29. Nc3 Rb2 30. g4 g5 31. gxh5 Kxh5 32. hxg5 fxg5 33. Re1 Rf8 34. Rf1 Rf4+ 35. Kd3 Rh2 36. a3 Rh3 37. Ke2 Kh4 38. Nd1 Rh2+ 39. Ke3 g4 40. Kxf4 g3 41. Rg1 Rd2 42. Ke3 Ra2 43. Nc3 Kh3 44. Rh1+ Kg2 45. Rd1 Rxa3 46. Ne2 Rxb3+ 47. Kf4 Rb4+ 48. Kg5 Kf2 0-1

[Event "Titled Tuesday intern op 21st Dec"]
[Site "Chess.com INT"]
[Date "2021.12.21"]
[Round "8"]
[White "Bykovskiy, Oleg"]
[Black "Pein, Jonathan"]
[Result "0-1"]
[WhiteElo "2199"]
[BlackElo "2229"]
[PlyCount "86"]
[EventDate "2021.12.21"]
[EventType "swiss (blitz)"]
[EventRounds "11"]
[EventCountry "USA"]
[SourceTitle "CBM 205 Extra"]
[Source "ChessBase"]
[SourceDate "2022.01.31"]
[SourceVersion "1"]
[SourceVersionDate "2022.01.31"]
[SourceQuality "1"]

1. e4 g6 2. f4 d5 3. d3 dxe4 4. dxe4 Qxd1+ 5. Kxd1 Nf6 6. Nc3 Bg7 7. e5 Ng4 8. Ke1 c6 9. Nf3 h5 10. h3 Nh6 11. Kf2 Bf5 12. Nd4 Bd7 13. Be3 O-O 14. Bc4 Nf5 15. Nxf5 Bxf5 16. Bd3 Bxd3 17. cxd3 Rd8 18. d4 Nd7 19. g4 hxg4 20. hxg4 Nb6 21. f5 Nc4 22. b3 Nxe3 23. Kxe3 c5 24. dxc5 Bxe5 25. Rac1 Bd4+ 26. Ke2 Bxc5 27. Ne4 Bb6 28. fxg6 fxg6 29. Rh6 Kg7 30. Rch1 Rh8 31. Rxh8 Rxh8 32. Rxh8 Kxh8 33. Kd3 Kg7 34. Kc4 Kf7 35. Kd5 Bc7 36. a4 e6+ 37. Kc5 Ke7 38. b4 Bb6+ 39. Kc4 Be3 40. Kb5 a6+ 41. Kc4 b6 42. b5 axb5+ 43. Kxb5 e5 0-1

[Event "Titled Tuesday intern op 21st Dec"]
[Site "Chess.com INT"]
[Date "2021.12.21"]
[Round "8"]
[White "Cagara, Paulina"]
[Black "Ristic, Nebojsa M"]
[Result "0-1"]
[WhiteElo "2045"]
[BlackElo "2353"]
[PlyCount "120"]
[EventDate "2021.12.21"]
[EventType "swiss (blitz)"]
[EventRounds "11"]
[EventCountry "USA"]
[SourceTitle "CBM 205 Extra"]
[Source "ChessBase"]
[SourceDate "2022.01.31"]
[SourceVersion "1"]
[SourceVersionDate "2022.01.31"]
[SourceQuality "1"]

1. e4 e6 2. d4 d5 3. Nc3 Bb4 4. exd5 exd5 5. Bd3 c6 6. a3 Bd6 7. h3 Ne7 8. Nf3 Bf5 9. O-O O-O 10. Bg5 f6 11. Bh4 Qd7 12. Bg3 Bxd3 13. Qxd3 Bxg3 14. fxg3 Qd6 15. Kh2 Nd7 16. Rae1 Rfe8 17. Ne2 Ng6 18. Qd2 h5 19. Nf4 Nxf4 20. Qxf4 Qxf4 21. gxf4 Nb6 22. b3 Re4 23. Rxe4 dxe4 24. Nh4 Rd8 25. Rd1 Nd5 26. g3 Nc3 27. Rd2 c5 28. Nf5 g6 29. Ne3 Rxd4 30. Rf2 f5 31. g4 hxg4 32. hxg4 Nd5 33. Nc4 e3 34. Rf1 fxg4 35. Kg3 b5 36. Ne5 e2 37. Re1 Nxf4 38. Nxg4 g5 39. Ne3 Kf7 40. Kf3 Kg6 41. Rg1 a5 42. c3 Rd3 43. Ke4 Rxc3 44. Ng4 Ng2 45. Ne5+ Kg7 46. Nf3 Rxf3 47. Kxf3 e1=Q 48. Rxg2 Qc3+ 49. Kg4 Kg6 50. Rg3 Qd4+ 51. Kh3 Kf5 52. Rf3+ Qf4 53. Rxf4+ gxf4 54. Kg2 Ke4 55. Kf2 a4 56. bxa4 bxa4 57. Ke2 c4 58. Kd2 f3 59. Ke1 c3 60. Kf1 c2 0-1

[Event "Titled Tuesday intern op 21st Dec"]
[Site "Chess.com INT"]
[Date "2021.12.21"]
[Round "8"]
[White "Castillo Sevilla, Ian Eiffel"]
[Black "Kejzar, Petra"]
[Result "0-1"]
[WhiteElo "2032"]
[BlackElo "2072"]
[PlyCount "70"]
[EventDate "2021.12.21"]
[EventType "swiss (blitz)"]
[EventRounds "11"]
[EventCountry "USA"]
[SourceTitle "CBM 205 Extra"]
[Source "ChessBase"]
[SourceDate "2022.01.31"]
[SourceVersion "1"]
[SourceVersionDate "2022.01.31"]
[SourceQuality "1"]

1. d4 Nf6 2. Nf3 e6 3. c4 d5 4. g3 dxc4 5. Bg2 c5 6. O-O Nc6 7. Qa4 cxd4 8. Nxd4 Qxd4 9. Bxc6+ Bd7 10. Bxd7+ Qxd7 11. Qxc4 Rc8 12. Qb3 Be7 13. Rd1 Qc6 14. Be3 h5 15. Na3 O-O 16. Rac1 Qe4 17. f3 Qg6 18. Qxb7 Rxc1 19. Rxc1 Bxa3 20. bxa3 h4 21. Kf2 hxg3+ 22. hxg3 Nd5 23. Bxa7 Qh6 24. Rg1 Qd2 25. Qb3 Ra8 26. Bc5 Rc8 27. Bb4 Qd4+ 28. Kg2 Ne3+ 29. Kh2 Rc2 30. Re1 Qe5 31. Qd3 Qh5+ 32. Kg1 Qg5 33. Kf2 Nf5 34. Rg1 Rxa2 35. Qc3 Qd8 0-1

[Event "Titled Tuesday intern op 21st Dec"]
[Site "Chess.com INT"]
[Date "2021.12.21"]
[Round "8"]
[White "Chernomordik, Pavel"]
[Black "Pinheiro, Iung Alicio"]
[Result "1-0"]
[WhiteElo "2182"]
[BlackElo "2320"]
[PlyCount "53"]
[EventDate "2021.12.21"]
[EventType "swiss (blitz)"]
[EventRounds "11"]
[EventCountry "USA"]
[SourceTitle "CBM 205 Extra"]
[Source "ChessBase"]
[SourceDate "2022.01.31"]
[SourceVersion "1"]
[SourceVersionDate "2022.01.31"]
[SourceQuality "1"]

1. e4 d6 2. d4 Nf6 3. Nc3 g6 4. Bg5 h6 5. Bh4 Bg7 6. f4 c5 7. dxc5 Qa5 8. Bd3 Qxc5 9. Bf2 Qa5 10. Nf3 Bg4 11. O-O Nc6 12. h3 Bxf3 13. Qxf3 Nd7 14. Be1 O-O 15. Kh2 Nc5 16. f5 Rac8 17. Nd5 Qd8 18. Bc3 Ne5 19. Qg3 Ncxd3 20. cxd3 e6 21. f6 exd5 22. fxg7 Re8 23. exd5 Qg5 24. Qf2 Rc7 25. Rae1 f5 26. Qxa7 Ree7 27. Bxe5 1-0

[Event "Titled Tuesday intern op 21st Dec"]
[Site "Chess.com INT"]
[Date "2021.12.21"]
[Round "8"]
[White "Chernyavsky, Alexander"]
[Black "Balkum, Alexander"]
[Result "1-0"]
[WhiteElo "2327"]
[BlackElo "2107"]
[PlyCount "69"]
[EventDate "2021.12.21"]
[EventType "swiss (blitz)"]
[EventRounds "11"]
[EventCountry "USA"]
[SourceTitle "CBM 205 Extra"]
[Source "ChessBase"]
[SourceDate "2022.01.31"]
[SourceVersion "1"]
[SourceVersionDate "2022.01.31"]
[SourceQuality "1"]

1. c4 Nf6 2. Nc3 g6 3. d4 Bg7 4. e4 d6 5. Nf3 O-O 6. Be2 Na6 7. O-O e5 8. d5 Nc5 9. Nd2 a5 10. f3 Ne8 11. Nb3 f5 12. Nxc5 dxc5 13. f4 Nd6 14. Bd3 b6 15. fxe5 Bxe5 16. Bh6 Rf7 17. Bf4 Qf6 18. Qd2 fxe4 19. Bxe5 Qxe5 20. Rxf7 e3 21. Qe2 Nxf7 22. Re1 Bd7 23. Qxe3 Re8 24. Nd1 Qd4 25. Qxd4 Rxe1+ 26. Kf2 cxd4 27. Kxe1 Ne5 28. Nf2 Nxd3+ 29. Nxd3 Bf5 30. Ne5 Kf8 31. Kd2 Ke7 32. Nf3 Be4 33. Nxd4 Bxg2 34. Ke3 Kd6 35. b3 1-0

[Event "Titled Tuesday intern op 21st Dec"]
[Site "Chess.com INT"]
[Date "2021.12.21"]
[Round "8"]
[White "Corrales Jimenez, Fidel"]
[Black "Senthil, Maran K"]
[Result "1-0"]
[WhiteElo "2530"]
[BlackElo "2220"]
[PlyCount "99"]
[EventDate "2021.12.21"]
[EventType "swiss (blitz)"]
[EventRounds "11"]
[EventCountry "USA"]
[SourceTitle "CBM 205 Extra"]
[Source "ChessBase"]
[SourceDate "2022.01.31"]
[SourceVersion "1"]
[SourceVersionDate "2022.01.31"]
[SourceQuality "1"]

1. d4 Nf6 2. Bg5 d5 3. Nf3 c5 4. e3 Nc6 5. c3 Qb6 6. Qb3 c4 7. Qxb6 axb6 8. Na3 Bf5 9. Nb5 Ra5 10. a4 Bc2 11. Bxf6 exf6 12. Be2 Bxa4 13. Nc7+ Kd7 14. Nxd5 Rxd5 15. Rxa4 Ra5 16. Rxa5 Nxa5 17. Kd2 b5 18. Kc2 Bd6 19. Nd2 f5 20. Ra1 Bc7 21. b3 cxb3+ 22. Nxb3 Nxb3 23. Bxb5+ Ke7 24. Kxb3 h5 25. h3 h4 26. Ra7 Rb8 27. Be2 Kd6 28. Bf3 b6 29. Kb4 g5 30. Kb5 Rg8 31. c4 g4 32. Bc6 Rb8 33. Bd5 f6 34. Bf7 g3 35. f4 Rc8 36. Bg6 Ke6 37. d5+ Kd6 38. Bxf5 Re8 39. Be6 f5 40. Ra6 Rb8 41. c5+ Ke7 42. c6 Kd6 43. Ra7 Re8 44. Ra2 Rd8 45. Bxf5 Rf8 46. Be6 Ke7 47. Ra7 Kd6 48. Kc4 Rb8 49. e4 b5+ 50. Kb4 1-0

[Event "Titled Tuesday intern op 21st Dec"]
[Site "Chess.com INT"]
[Date "2021.12.21"]
[Round "8"]
[White "Csonka, Balazs"]
[Black "Demchenko, Anton"]
[Result "1/2-1/2"]
[WhiteElo "2480"]
[BlackElo "2654"]
[PlyCount "141"]
[EventDate "2021.12.21"]
[EventType "swiss (blitz)"]
[EventRounds "11"]
[EventCountry "USA"]
[SourceTitle "CBM 205 Extra"]
[Source "ChessBase"]
[SourceDate "2022.01.31"]
[SourceVersion "1"]
[SourceVersionDate "2022.01.31"]
[SourceQuality "1"]

1. d4 Nf6 2. c4 g6 3. Nc3 Bg7 4. e4 d6 5. Nf3 O-O 6. Be2 Nbd7 7. O-O e5 8. Qc2 c6 9. d5 Qe7 10. Rb1 a5 11. a3 Nc5 12. Be3 Na6 13. b4 axb4 14. axb4 Ng4 15. Bg5 f6 16. Bd2 c5 17. bxc5 Nxc5 18. Ne1 f5 19. Bxg4 fxg4 20. Nd3 Na6 21. Be3 h5 22. Rb6 h4 23. Rfb1 h3 24. g3 Rd8 25. Nb5 Qf8 26. Qe2 Kh7 27. Ra1 Bf6 28. c5 dxc5 29. Nxc5 Be7 30. Nxa6 Rxa6 31. Rbxa6 bxa6 32. Nc7 Qf7 33. Nxa6 Bd6 34. Nc5 Kg8 35. Rd1 Re8 36. Nd3 Kh7 37. Nc5 Kg8 38. Rc1 Rf8 39. Rd1 Qe7 40. Ne6 Bxe6 41. dxe6 Qxe6 42. Qd3 Be7 43. Qd7 Qxd7 44. Rxd7 Bf6 45. Kf1 Rb8 46. Ke2 Rb2+ 47. Rd2 Rb4 48. f3 gxf3+ 49. Kxf3 Rb3 50. Re2 Bg5 51. Kf2 Be7 52. Kf3 Bc5 53. Kf2 Bd4 54. Bxd4 exd4 55. Rd2 Kf7 56. Rxd4 Rb2+ 57. Kf3 Rxh2 58. Kg4 Rh1 59. Rd2 Kf6 60. Kh4 Ke5 61. g4 Kxe4 62. Kg3 Ke3 63. Ra2 g5 64. Ra3+ Ke4 65. Ra4+ Ke5 66. Ra5+ Kf6 67. Ra6+ Ke7 68. Ra5 Kf6 69. Ra6+ Kg7 70. Ra7+ Kf6 71. Ra6+ 1/2-1/2

[Event "Titled Tuesday intern op 21st Dec"]
[Site "Chess.com INT"]
[Date "2021.12.21"]
[Round "8"]
[White "Cvetanovic, Uros"]
[Black "Rustemov, Alexander"]
[Result "1-0"]
[WhiteElo "2248"]
[BlackElo "2525"]
[PlyCount "93"]
[EventDate "2021.12.21"]
[EventType "swiss (blitz)"]
[EventRounds "11"]
[EventCountry "USA"]
[SourceTitle "CBM 205 Extra"]
[Source "ChessBase"]
[SourceDate "2022.01.31"]
[SourceVersion "1"]
[SourceVersionDate "2022.01.31"]
[SourceQuality "1"]

1. Nc3 d5 2. e4 d4 3. Nce2 e5 4. Nf3 f6 5. Ng3 Be6 6. Bb5+ Nd7 7. Ba4 c5 8. d3 Ne7 9. O-O Nc6 10. Bb3 Bxb3 11. axb3 g6 12. Ne1 Bd6 13. f4 exf4 14. Bxf4 Bxf4 15. Rxf4 Nde5 16. Qd2 Qd6 17. Nf3 O-O-O 18. Rf1 Rhf8 19. Nxe5 Nxe5 20. Qf2 Nd7 21. Ne2 Rf7 22. b4 b6 23. bxc5 bxc5 24. b4 cxb4 25. Qxd4 Qxd4+ 26. Nxd4 Ne5 27. Nb3 Rd6 28. d4 Nd7 29. Ra1 a6 30. Ra4 Rb6 31. Na5 Re7 32. Nc4 Rc6 33. Rxb4 Kc7 34. d5 Rxc4 35. Rxc4+ Kb7 36. Rc6 a5 37. Re6 Rf7 38. e5 f5 39. Re8 Nb6 40. e6 Rc7 41. d6 Rxc2 42. d7 Rd2 43. d8=Q Rxd8 44. Rxd8 a4 45. Rxa4 Nxa4 46. e7 Nc5 47. e8=Q 1-0

[Event "Titled Tuesday intern op 21st Dec"]
[Site "Chess.com INT"]
[Date "2021.12.21"]
[Round "8"]
[White "Degtiarev, Evgeny"]
[Black "Wagh, Suyog"]
[Result "0-1"]
[WhiteElo "2380"]
[BlackElo "2210"]
[PlyCount "96"]
[EventDate "2021.12.21"]
[EventType "swiss (blitz)"]
[EventRounds "11"]
[EventCountry "USA"]
[SourceTitle "CBM 205 Extra"]
[Source "ChessBase"]
[SourceDate "2022.01.31"]
[SourceVersion "1"]
[SourceVersionDate "2022.01.31"]
[SourceQuality "1"]

1. d4 d5 2. c4 e6 3. Nc3 a6 4. cxd5 exd5 5. Bf4 c6 6. e3 Bd6 7. Bg3 Nf6 8. Bd3 O-O 9. Nge2 Re8 10. O-O Be6 11. Qc2 Bxg3 12. Nxg3 Nbd7 13. a4 h5 14. h3 h4 15. Nf5 Bxf5 16. Bxf5 a5 17. Rae1 Nf8 18. Ne2 Qd6 19. Nf4 Rad8 20. Qb3 Re7 21. Bb1 g6 22. Nd3 N6d7 23. Qc3 Ra8 24. f4 f6 25. f5 g5 26. Nf2 Qb4 27. e4 dxe4 28. Nxe4 Rae8 29. g3 hxg3 30. Kg2 Kg7 31. Re3 Nb6 32. Qxb4 axb4 33. Rfe1 Nd5 34. Rxg3 Kh6 35. h4 Nh7 36. hxg5+ Nxg5 37. Rh1+ Kg7 38. Nxg5 Re2+ 39. Kh3 fxg5 40. Rxg5+ Kf6 41. Rg6+ Kf7 42. Kg4 Nf6+ 43. Kf4 Rf2+ 44. Kg3 Rxb2 45. Bd3 Re3+ 46. Kf4 Nd5+ 47. Kg5 Rg2+ 48. Kh6 Rf2 0-1

[Event "Titled Tuesday intern op 21st Dec"]
[Site "Chess.com INT"]
[Date "2021.12.21"]
[Round "8"]
[White "Estrada Nieto, Julian"]
[Black "Romanchuk, Viktor"]
[Result "1/2-1/2"]
[WhiteElo "2253"]
[BlackElo "2266"]
[PlyCount "117"]
[EventDate "2021.12.21"]
[EventType "swiss (blitz)"]
[EventRounds "11"]
[EventCountry "USA"]
[SourceTitle "CBM 205 Extra"]
[Source "ChessBase"]
[SourceDate "2022.01.31"]
[SourceVersion "1"]
[SourceVersionDate "2022.01.31"]
[SourceQuality "1"]

1. e4 e6 2. d4 d5 3. Nd2 dxe4 4. Nxe4 Nd7 5. Nf3 Ngf6 6. Nxf6+ Nxf6 7. Be3 Nd5 8. Bd3 Bd6 9. Qe2 Qe7 10. O-O-O Bd7 11. Bg5 f6 12. Bd2 O-O-O 13. Rhe1 Qf7 14. g3 Bb4 15. c3 Ba5 16. Bc4 Rhe8 17. Bb3 a6 18. c4 Bxd2+ 19. Qxd2 Nb6 20. Qb4 Qh5 21. Nd2 Qxh2 22. Ne4 Bc6 23. d5 exd5 24. cxd5 Bd7 25. d6 Bc6 26. dxc7 Rxd1+ 27. Bxd1 Rxe4 28. Rxe4 Bxe4 29. Qxe4 Kxc7 30. Qe7+ Nd7 31. Bg4 Qh1+ 32. Kd2 Qd5+ 33. Ke2 f5 34. Bf3 Qe5+ 35. Qxe5+ Nxe5 36. Bd5 b6 37. Ke3 Kd6 38. Bg8 h6 39. Kf4 Nd3+ 40. Kxf5 Nxf2 41. Kg6 Ne4 42. Kxg7 Nxg3 43. Kxh6 Nf5+ 44. Kg5 Ne3 45. Kf4 Nd1 46. b4 Nc3 47. Bb3 Nd5+ 48. Ke4 Nxb4 49. Kd4 b5 50. a4 Nc6+ 51. Kc3 Kc5 52. axb5 axb5 53. Bd1 b4+ 54. Kb2 Nd4 55. Ba4 Kc4 56. Bd1 Kd3 57. Ba4 Kc4 58. Bd1 Nc6 59. Ba4 1/2-1/2

[Event "Titled Tuesday intern op 21st Dec"]
[Site "Chess.com INT"]
[Date "2021.12.21"]
[Round "8"]
[White "Faizrakhmanov, Ramil"]
[Black "Van Osch, Mees"]
[Result "0-1"]
[WhiteElo "2480"]
[BlackElo "2364"]
[PlyCount "112"]
[EventDate "2021.12.21"]
[EventType "swiss (blitz)"]
[EventRounds "11"]
[EventCountry "USA"]
[SourceTitle "CBM 205 Extra"]
[Source "ChessBase"]
[SourceDate "2022.01.31"]
[SourceVersion "1"]
[SourceVersionDate "2022.01.31"]
[SourceQuality "1"]

1. e4 c5 2. Nf3 e6 3. d4 cxd4 4. Nxd4 Nc6 5. Nc3 Bc5 6. Nb3 Bb4 7. Bd3 Nge7 8. O-O O-O 9. f4 a5 10. a4 f5 11. exf5 Nxf5 12. Ne4 Qb6+ 13. Kh1 Ne3 14. Bxe3 Qxe3 15. c3 Be7 16. Rf3 Qb6 17. Qc2 g6 18. Raf1 d5 19. Ng5 Bxg5 20. fxg5 Rxf3 21. gxf3 Ne5 22. Nd4 Bd7 23. b3 Rf8 24. f4 Nxd3 25. Qxd3 Qd6 26. Qe3 e5 27. Ne2 Bc6 28. Kg1 Re8 29. fxe5 Qxe5 30. Qxe5 Rxe5 31. Nd4 Rxg5+ 32. Kh1 Bd7 33. Rf2 Kg7 34. Re2 Bh3 35. Re7+ Kh6 36. Ne2 Bg2+ 37. Kg1 Be4+ 38. Kf1 Rf5+ 39. Ke1 Rf3 40. Rxb7 Rh3 41. Ra7 Rxh2 42. Rxa5 Bf3 43. Nd4 Be4 44. b4 g5 45. Ra6+ Kh5 46. a5 Kg4 47. Ra7 h5 48. a6 h4 49. Rg7 Ra2 50. b5 h3 51. Rg8 h2 52. Rh8 h1=Q+ 53. Rxh1 Bxh1 54. Nc2 Be4 55. Nb4 Ra4 56. Nc6 d4 0-1

[Event "Titled Tuesday intern op 21st Dec"]
[Site "Chess.com INT"]
[Date "2021.12.21"]
[Round "8"]
[White "Florescu, Codrut Constantin"]
[Black "Gombocz, Ferenc Jr"]
[Result "0-1"]
[WhiteElo "2285"]
[BlackElo "2236"]
[PlyCount "62"]
[EventDate "2021.12.21"]
[EventType "swiss (blitz)"]
[EventRounds "11"]
[EventCountry "USA"]
[SourceTitle "CBM 205 Extra"]
[Source "ChessBase"]
[SourceDate "2022.01.31"]
[SourceVersion "1"]
[SourceVersionDate "2022.01.31"]
[SourceQuality "1"]

1. d4 d5 2. c4 c6 3. Nf3 Nf6 4. Qc2 dxc4 5. Qxc4 Bg4 6. Nbd2 Nbd7 7. g3 e6 8. Bg2 Be7 9. O-O O-O 10. e4 Bxf3 11. Bxf3 e5 12. Nb3 Nb6 13. Qd3 exd4 14. Qxd4 Qxd4 15. Nxd4 Rfe8 16. Bg2 Rad8 17. Nf5 Bc5 18. Bg5 Na4 19. Bxf6 gxf6 20. Rfd1 Nxb2 21. Rxd8 Rxd8 22. Rf1 Rd2 23. h4 Nd3 24. Ne3 Nxf2 25. Nc4 Nxe4+ 26. Kh2 Rxa2 27. Rf4 Nf2 28. h5 h6 29. Rf3 b5 30. Ne3 Bxe3 31. Rxe3 Ng4+ 0-1

[Event "Titled Tuesday intern op 21st Dec"]
[Site "Chess.com INT"]
[Date "2021.12.21"]
[Round "8"]
[White "Franca, Willian Bento"]
[Black "Weber, Samuel"]
[Result "0-1"]
[WhiteElo "2179"]
[BlackElo "2250"]
[PlyCount "90"]
[EventDate "2021.12.21"]
[EventType "swiss (blitz)"]
[EventRounds "11"]
[EventCountry "USA"]
[SourceTitle "CBM 205 Extra"]
[Source "ChessBase"]
[SourceDate "2022.01.31"]
[SourceVersion "1"]
[SourceVersionDate "2022.01.31"]
[SourceQuality "1"]

1. c4 Nf6 2. g3 e5 3. Bg2 Nc6 4. Nc3 g6 5. e4 Bg7 6. Nge2 d6 7. O-O O-O 8. d3 Nd7 9. Rb1 Nc5 10. b4 Ne6 11. b5 Ncd4 12. Be3 Nc5 13. Nd5 c6 14. bxc6 bxc6 15. Ndc3 Bd7 16. Bxd4 exd4 17. Na4 Nxa4 18. Qxa4 Qc7 19. Qa6 Rab8 20. Rb3 Rb6 21. Rxb6 Qxb6 22. Qxb6 axb6 23. Rb1 Ra8 24. Rb2 Kf8 25. Nc1 Ra6 26. Kf1 Ke7 27. Ke2 Kd8 28. Nb3 Kc7 29. Nd2 Bg4+ 30. Bf3 Be6 31. Nb3 Ra3 32. Kd2 Bh6+ 33. Kc2 Bg7 34. Kd2 f5 35. Nc1 Bh6+ 36. Kc2 Bxc1 37. Kxc1 Rxd3 38. Be2 Rc3+ 39. Kd2 fxe4 40. Rb4 c5 41. Ra4 Kb7 42. h4 h5 43. Kd1 d3 44. Kd2 Rc2+ 45. Ke3 Rxe2+ 0-1

[Event "Titled Tuesday intern op 21st Dec"]
[Site "Chess.com INT"]
[Date "2021.12.21"]
[Round "8"]
[White "Gabrielian, Artur"]
[Black "Koellner, Ruben Gideon"]
[Result "1-0"]
[WhiteElo "2464"]
[BlackElo "2428"]
[PlyCount "137"]
[EventDate "2021.12.21"]
[EventType "swiss (blitz)"]
[EventRounds "11"]
[EventCountry "USA"]
[SourceTitle "CBM 205 Extra"]
[Source "ChessBase"]
[SourceDate "2022.01.31"]
[SourceVersion "1"]
[SourceVersionDate "2022.01.31"]
[SourceQuality "1"]

1. e4 d6 2. d4 Nf6 3. Nc3 e5 4. Nf3 Nbd7 5. Bc4 Be7 6. O-O c6 7. a4 Qc7 8. Re1 h6 9. h3 Nf8 10. a5 g5 11. Nh2 Ng6 12. Ne2 Rg8 13. Ng3 Nh4 14. Ng4 Nxg4 15. hxg4 Be6 16. d5 cxd5 17. Bxd5 Bxd5 18. Qxd5 Qc6 19. Qb3 Rc8 20. Be3 a6 21. Rad1 Rc7 22. Rd2 Qc4 23. Qxc4 Rxc4 24. b3 Rc6 25. c4 Kd7 26. Red1 Ke6 27. Ne2 Bd8 28. b4 Be7 29. c5 dxc5 30. Bxc5 Bxc5 31. bxc5 Rxc5 32. Rd7 Kf6 33. Ng3 Rc6 34. Rxb7 Kg6 35. Rdd7 Rf8 36. Nh5 Rc1+ 37. Kh2 Rc6 38. Rb6 Rfc8 39. Ra7 Rxb6 40. axb6 Rb8 41. Rxa6 Kh7 42. Nf6+ Kg7 43. Nd5 Rb7 44. Ra7 Rb8 45. b7 Ng6 46. Nb4 Ne7 47. Na6 Nc6 48. Nxb8 Nxa7 49. Nd7 Nc6 50. b8=Q Nxb8 51. Nxb8 Kf6 52. Nc6 Ke6 53. Nb4 Kd7 54. Nd5 Kd6 55. Kg3 Ke6 56. Kf3 f6 57. Ne3 Kf7 58. Nf5 Kg6 59. Ke3 h5 60. gxh5+ Kxh5 61. f3 g4 62. f4 Kg6 63. fxe5 fxe5 64. Kf2 Kg5 65. Kg3 Kh5 66. Ne3 Kg5 67. Nxg4 Kh5 68. Nxe5 Kg5 69. Nf3+ 1-0

[Event "Titled Tuesday intern op 21st Dec"]
[Site "Chess.com INT"]
[Date "2021.12.21"]
[Round "8"]
[White "Gaehwiler, Gabriel"]
[Black "Moskalenko, Alexander"]
[Result "0-1"]
[WhiteElo "2400"]
[BlackElo "2514"]
[PlyCount "106"]
[EventDate "2021.12.21"]
[EventType "swiss (blitz)"]
[EventRounds "11"]
[EventCountry "USA"]
[SourceTitle "CBM 205 Extra"]
[Source "ChessBase"]
[SourceDate "2022.01.31"]
[SourceVersion "1"]
[SourceVersionDate "2022.01.31"]
[SourceQuality "1"]

1. d4 Nf6 2. c4 e6 3. g3 d5 4. Bg2 Be7 5. Nf3 O-O 6. O-O dxc4 7. Qc2 a6 8. a4 Bd7 9. Qxc4 Bc6 10. Bg5 Nbd7 11. Nc3 a5 12. Qb3 h6 13. Bxf6 Nxf6 14. Rfd1 Ra6 15. Ne5 Bxg2 16. Kxg2 Rb6 17. Qc2 Nd5 18. e3 Nb4 19. Qe4 c6 20. Nc4 Ra6 21. h4 Re8 22. Rh1 Bf6 23. Ne5 Nd5 24. Nf3 b5 25. g4 Nxc3 26. bxc3 Qd5 27. Nd2 Rb8 28. Rhb1 Bxh4 29. c4 Qxe4+ 30. Nxe4 b4 31. Nc5 Ra7 32. Nb3 Be7 33. c5 Rd8 34. Rh1 Bf6 35. Rh5 Rd5 36. f4 Rxh5 37. gxh5 g5 38. hxg6 fxg6 39. Kf3 Kf7 40. Rh1 h5 41. Nd2 Ra8 42. Nc4 Ke7 43. Rg1 Kf7 44. d5 exd5 45. Nd6+ Kg7 46. Rh1 b3 47. e4 dxe4+ 48. Nxe4 b2 49. Rb1 Rb8 50. Ke2 Rb4 51. Kd3 Rd4+ 52. Ke3 Rxa4 53. Nd6 Ra1 0-1

[Event "Titled Tuesday intern op 21st Dec"]
[Site "Chess.com INT"]
[Date "2021.12.21"]
[Round "8"]
[White "Ianov, Viktor"]
[Black "Onischuk, Vladimir"]
[Result "0-1"]
[WhiteElo "2279"]
[BlackElo "2620"]
[PlyCount "94"]
[EventDate "2021.12.21"]
[EventType "swiss (blitz)"]
[EventRounds "11"]
[EventCountry "USA"]
[SourceTitle "CBM 205 Extra"]
[Source "ChessBase"]
[SourceDate "2022.01.31"]
[SourceVersion "1"]
[SourceVersionDate "2022.01.31"]
[SourceQuality "1"]

1. Nf3 g6 2. g3 Bg7 3. Bg2 Nf6 4. O-O O-O 5. b3 d6 6. d4 b5 7. Bb2 Bb7 8. Nbd2 Nbd7 9. c4 bxc4 10. Nxc4 c5 11. Rc1 a5 12. dxc5 Nxc5 13. Nd4 Bxg2 14. Kxg2 Qd7 15. f3 Rfb8 16. Qd2 Nd5 17. e4 Nb4 18. Bc3 Nbd3 19. Rb1 d5 20. exd5 Qxd5 21. Ne2 e5 22. Ne3 Qb7 23. Nc1 Rd8 24. Qe2 e4 25. Bxg7 Kxg7 26. Nxd3 Rxd3 27. f4 Rad8 28. Rfd1 Ne6 29. Qb2+ Kg8 30. Ng4 e3+ 31. Kh3 Nxf4+ 32. gxf4 Qf3+ 33. Kh4 Qxf4 34. Rxd3 Rxd3 35. Qf6 Qxf6+ 36. Nxf6+ Kg7 37. Ng4 f5 38. Ne5 Rd2 39. Kg3 Rxa2 40. Re1 Kf6 41. Nc4 g5 42. h4 f4+ 43. Kg4 Rg2+ 44. Kf3 Rf2+ 45. Ke4 g4 46. Rd1 e2 47. Rd6+ Ke7 0-1

[Event "Titled Tuesday intern op 21st Dec"]
[Site "Chess.com INT"]
[Date "2021.12.21"]
[Round "8"]
[White "Jarocka, Liwia"]
[Black "Devaev, Alexander"]
[Result "0-1"]
[WhiteElo "2006"]
[BlackElo "2325"]
[PlyCount "60"]
[EventDate "2021.12.21"]
[EventType "swiss (blitz)"]
[EventRounds "11"]
[EventCountry "USA"]
[SourceTitle "CBM 205 Extra"]
[Source "ChessBase"]
[SourceDate "2022.01.31"]
[SourceVersion "1"]
[SourceVersionDate "2022.01.31"]
[SourceQuality "1"]

1. d4 Nf6 2. Nf3 e6 3. g3 c5 4. Bg2 cxd4 5. Nxd4 Nc6 6. O-O Be7 7. c4 O-O 8. Nc3 Ne5 9. b3 d6 10. Bb2 a6 11. Qd2 Qc7 12. Rac1 Rb8 13. a4 Re8 14. Rfd1 Bf8 15. h3 h6 16. Kh1 Ned7 17. Qc2 Nc5 18. b4 Ncd7 19. Qb3 Ne5 20. Na2 Bd7 21. f4 Ng6 22. Nc3 Rbc8 23. f5 Ne5 24. fxe6 fxe6 25. e3 Qxc4 26. Bxb7 Rb8 27. Bg2 Qxb3 28. Nxb3 Rxb4 29. Na2 Rxb3 30. Bxe5 dxe5 0-1

[Event "Titled Tuesday intern op 21st Dec"]
[Site "Chess.com INT"]
[Date "2021.12.21"]
[Round "8"]
[White "Jary, Sergey"]
[Black "Itkis, Boris"]
[Result "1-0"]
[WhiteElo "2275"]
[BlackElo "2343"]
[PlyCount "45"]
[EventDate "2021.12.21"]
[EventType "swiss (blitz)"]
[EventRounds "11"]
[EventCountry "USA"]
[SourceTitle "CBM 205 Extra"]
[Source "ChessBase"]
[SourceDate "2022.01.31"]
[SourceVersion "1"]
[SourceVersionDate "2022.01.31"]
[SourceQuality "1"]

1. e4 e5 2. Nf3 Nc6 3. d4 exd4 4. Bc4 Nf6 5. O-O Nxe4 6. Re1 d5 7. Bxd5 Qxd5 8. Nc3 Qd7 9. Nxe4 Be7 10. Bg5 O-O 11. Bxe7 Nxe7 12. Nxd4 Nc6 13. Nb5 Qe7 14. Qh5 g6 15. Qh6 f6 16. Rad1 Qf7 17. Qf4 Ne5 18. Nxf6+ Qxf6 19. Qxf6 Rxf6 20. Rxe5 Bf5 21. Nxc7 Rc8 22. Nd5 Rf7 23. Ne7+ 1-0